| 000 | 006320000a22001810004500 | ||
|---|---|---|---|
| 003 | MACL | ||
| 005 | 20160522150806.0 | ||
| 008 | 160522b xxu||||| |||| 00| 0 eng d | ||
| 040 |
_aMACL _cMACL |
||
| 041 | _aHindi | ||
| 082 | _a891.433 PRE | ||
| 100 |
_aभारतीय ज्ञानपीठ _958842 |
||
| 245 |
_aअमृता प्रीतम _bचुनी हुई कहानियॉ चुने हुए निबन्ध |
||
| 260 |
_bभारतीय ज्ञानपीठ _c1989 _aनई दिल्ली |
||
| 350 | _a75 | ||
| 650 |
_aStories _958843 |
||
| 942 |
_cHIN _k891.433/PRE/S _2ddc |
||
| 999 |
_c22915 _d22915 |
||